| 000 | 00518nam a2200145Ia 4500 | ||
|---|---|---|---|
| 008 | 170221s9999 xx 000 0 und d | ||
| 100 | _aSofiya Malkaidarovna Duisenova | ||
| 245 | _aEducational Strategies of Kazakhstan Universities Graduates | ||
| 245 | _cSofiya Malkaidarovna Duisenova, Bibigul Nauryzovna Kylyshbayeva | ||
| 260 | _bInternational Review of Management and Marketing | ||
| 260 | _c2012 | ||
| 300 | _a: | ||
| 650 | _xMarketing. | ||
| 856 | _uhttp://www.econjournals.com/index.php/irmm/issue/view/75 | ||
| 999 |
_c313913 _d313913 |
||